000 01226pab a2200205 454500
008 180718b2008 xxu||||| |||| 00| 0 eng d
100 _aYadav, Gopal J.
245 _aCorruption among nations: Impact of education, income and globalisation
260 _c2008
300 _ap.221-235.
362 _aApr-Jun
520 _aCorruption has come to be viewed as an important factor affecting economic, political and social lives both in developed as well as developing countries. it has become almost omnipresent, existing in all geographical areas, in all stages of economic development and every kind of government. This article attempts to analyse whether there exists any relationship between the corruption level of the countries and their per capita income, education level and exposure to outside world. The article notes that narrowly focussed frontal attacks on corruption in developing countries have not been successful because such efforts fail to tackle broader underlying factors that create or sustain it. - Reproduced.
650 _aGlobalization
650 _aIncome
650 _aEducation
650 _aCorruption
773 _aIndian Journal of Public Administration
908 _aN
909 _a79502
999 _c79502
_d79502